| 000 | 00000nam##2200000za#4500 |
| 001 | 9.591005 |
| 003 | CaOODSP |
| 005 | 20210624200411 |
| 007 | cr ||||||||||| |
| 008 | 150406|2001||||xxc|||||o f|0| 0 fre|d |
| 020 | |a0-662-86555-3 |
| 022 | |a1925-0908 |
| 040 | |aCaOODSP|bfre |
| 043 | |an-cn--- |
| 086 | 1 |aH113-9/2001-5F-IN |
| 110 | 1 |aCanada.|bSanté Canada. |bAgence de réglementation de la lutte antiparasitaire. |
| 245 | 10|aTrinexapac-éthyle |h[ressource électronique] |
| 260 | |aOttawa - Ontario : |bSanté Canada. |cLe 7 décembre 2001. |
| 300 | |a87p.|bfigure, glossaire, références, tableaux |
| 490 | 1 |aProjet de décision d'homologation |x1925-0908|vPRDD 2001-05 |
| 590 | |a12-01-Supp|b2012-01-13 |
| 775 | 08|tTrinexapac-ethyl |w(CaOODSP)9.558010 |
| 776 | 0#|tTrinexapac-éthyle |w(CaOODSP)9.625851 |
| 830 | #0|aProjet de décision d'homologation,|x1925-0908|vPRDD 2001-05|w(CaOODSP)9.500882 |
| 856 | 40|ahttp://publications.gc.ca|qPDF|s387 Ko|uhttps://publications.gc.ca/collections/Collection/H113-9-2001-5F.pdf|yPRDD 2001-05 |